000 00562nam a22002177a 4500
003 UA-OsUOA
001 82226
007 ta
008 20120224b un ||||| |||| 00| 0 ukr d
100 _aЗадорожна Л.
090 _a82
_bЗ-15
942 _cSA
040 _aUA-OsUOA
_bukr
_cUA-OsUOA
_dUA-OsUOA
245 _aФеномен творчості Євгена Гребінки
300 _aС.48-52
955 _a0
041 _aukr
080 _a82
773 0 _w82219
650 7 _a82 Література. Літературознавство
_2UDC
999 _c368530
_d368530